[Event "Hospitalet de Llobregat op 4th"]
[Site "Hospitalet de Llobregat"]
[Date "2019.05.11"]
[Round "5"]
[White "Jose Iraeta, Alexandre"]
[Black "Luengo Filgueiras, Francisco Javier"]
[Result "1-0"]
[WhiteElo "2167"]
[BlackElo "1749"]
[PlyCount "103"]
[EventDate "2019.04.06"]
[EventType "swiss"]
[EventRounds "9"]
[EventCountry "ESP"]
[SourceTitle "CBM 190 Extra"]
[Source "ChessBase"]
[SourceDate "2019.07.15"]
[SourceVersion "1"]
[SourceVersionDate "2019.07.15"]
[SourceQuality "1"]

1. d4 e6 2. Bf4 d5 3. e3 Bd6 4. Bg3 Nf6 5. Nd2 b6 6. Ngf3 Ba6 7. Bxa6 Nxa6 8. c3 Nb8 9. 0-0 0-0 10. Ne5 c5 11. f4 Nbd7 12. Bh4 Qc7 13. g4 Ne4 14. Nxe4 dxe4 15. Qc2 f5 16. gxf5 exf5 17. Qb3+ c4 18. Qxc4+ Qxc4 19. Nxc4 Bc7 20. Ne5 Nf6 21. Bxf6 Rxf6 22. Nc4 Rc8 23. Nd2 h6 24. Kh1 Kf7 25. Rg1 Rg8 26. Nc4 g5 27. Ne5+ Bxe5 28. dxe5 Re6 29. Rad1 Ke7 30. Rd2 Rc6 31. h3 g4 32. Kh2 h5 33. Rgd1 Rc7 34. Rd6 gxh3 35. Rh6 Rg7 36. Kxh3 Rf7 37. Rxh5 Rd7 38. Rxd7+ Kxd7 39. Rh6 Ke7 40. c4 Rg7 41. Kh2 Rf7 42. b4 Kd8 43. c5 bxc5 44. bxc5 Kc7 45. Rd6 Rh7+ 46. Kg3 Rg7+ 47. Kh4 Rg4+ 48. Kh5 Rg3 49. e6 Rxe3 50. e7 Rh3+ 51. Kg6 Rh8 52. Kf6 1-0